|
|
|
|
| LEADER |
00000nam a22000007a 4500 |
| 005 |
20170827224429.0 |
| 007 |
cr|||| |||| |
| 008 |
170827s2009 mx |||||s||||f00||0 spa d |
| 020 |
|
|
|a 978-607-95100-9-1
|
| 035 |
|
|
|a 20455
|
| 040 |
|
|
|a vLex
|
| 090 |
|
|
|c 6859
|d 6859
|
| 100 |
1 |
|
|a Samaniego, Sandra
|
| 245 |
1 |
0 |
|a Armonizacin̤ entre los m̀bitos laboral y familiar en Mx̌ico
|h [Recurso electrn̤ico] /
|c Sandra Samaniego, Karel Ochoa
|
| 256 |
|
|
|a Servicio en ln̕ea
|
| 260 |
|
|
|a Ciudad de Mx̌ico:
|b Cm̀ara de Diputados,
|c 2009
|
| 300 |
|
|
|a 1 recurso electrn̤ico
|
| 506 |
1 |
|
|a Disponible solo en los productos indicados
|d vLex Global
|d vLex Global (Academic Edition, excluding Law Schools)
|d vLex Global (U.S. Academic Edition, Law Schools)
|d vLex Global (U.S. Academic Edition, excluding Law Schools)
|d vLex Global (Academic Edition, Law Schools)
|
| 650 |
0 |
4 |
|a Derecho Civil
|z Mx̌ico
|
| 650 |
0 |
4 |
|a Derecho Laboral y Seguridad Social
|z Mx̌ico
|
| 700 |
1 |
|
|a Ochoa, Karel
|
| 740 |
0 |
|
|a vLex Libros (Servicio en ln̕ea)
|
| 856 |
4 |
0 |
|u http://vlex.com/source/armonizacion-entre-los-ambitos-laboral-y-familiar-en-mexico-20455
|z Acceso restringido
|
| 942 |
|
|
|c BOOK
|
| 999 |
0 |
|
|a Civil Law
|
| 999 |
0 |
|
|a Labor Law and Social Security
|